=LDR 00000nam 2200000 4500 =001 INLIS000000000045778 =005 20150210093754.0 =006 =007 =008 =020 ##$$a 978-602-855-324 7 =035 ##$$0010-021500000000338 =040 ##$$a NBPDMAT =082 ##$$a 629.133 =090 ##$$a 629.133 $b Cep b =100 ##$$a Cepy Suherman =245 ##$$a Berpetualang dengan Pesawat Ruang Angkasa $c Cepy Suherman =250 ##$$a Cet. 1 =260 ##$$a Banten : Kenanga Pustaka Indonesia,2009 =300 ##$$a 66 hlm $b Ilus $c 25 cm =500 ##$$a Indeks : hlm.64;Bibliografi: hlm.66 =650 ##$$a Pesawat Ruang Angkasa =850 ##$$a NBPDMAT =990 ##$$a 0001/BPAP-NTB/20142015 =990 ##$$a 0001/BPAP-NTB/20142015 =990 ##$$a 0001/BPAP-NTB/20142015 =990 ##$$a 0001/BPAP-NTB/20142015 =990 ##$$a 0001/BPAP-NTB/20142015